[Event "Accademia Cup"]
[Site "Roma ITA"]
[Date "1997.??.??"]
[Round "?"]
[White "Placchetta, Omero"]
[Black "Russo, Massimiliano"]
[Result "1/2-1/2"]
[WhiteElo "1477"]
[BlackElo "1576"]
[PlyCount "88"]
[EventDate "1997.??.??"]

1. e4 c5 2. c3 e6 3. d4 d5 4. exd5 Qxd5 5. Nf3 Nf6 6. Bd3 Nc6 7. c4 Qd8 8. Nc3
cxd4 9. Ne2 e5 10. Bc2 Bb4+ 11. Bd2 Bxd2+ 12. Qxd2 Bg4 13. Ng3 O-O 14. O-O-O
Nd7 15. h3 Be6 16. b3 f6 17. Bf5 Re8 18. Bg4 a6 19. Nf5 Bxf5 20. Bxf5 b5 21.
Be4 Rc8 22. Kb2 bxc4 23. Bd5+ Kh8 24. Bxc4 Na5 25. Bxa6 Qb6 26. Be2 Nc4+ 27.
Bxc4 Rxc4 28. Rc1 Rb4 29. Qc2 e4 30. Qxe4 Rb8 31. Qc2 h6 32. Rhd1 Nc5 33. Ka1
Nxb3+ 34. axb3 Rxb3 35. Qa2 Rb2 36. Rc8+ Kh7 37. Qg8+ Kg6 38. Qe8+ Kh7 39. Qe4+
f5 40. Qxf5+ Qg6 41. Qxg6+ Kxg6 42. Rxb8 Rxb8 43. Rxd4 Re8 44. Rd2 Rc8 1/2-1/2

[Event "Accademia Cup"]
[Site "Roma ITA"]
[Date "1997.??.??"]
[Round "?"]
[White "Quaglia, Ferdinando"]
[Black "Giangregorio, Pasquale"]
[Result "0-1"]
[WhiteElo "1541"]
[BlackElo "1767"]
[PlyCount "96"]
[EventDate "1997.??.??"]

1. d4 d5 2. c4 c6 3. Nc3 Nf6 4. Nf3 Bf5 5. Ne5 e6 6. Bg5 Qb6 7. Qb3 Nbd7 8.
Nxd7 Nxd7 9. c5 Qxb3 10. axb3 e5 11. e3 h6 12. Bh4 g5 13. Bg3 Bg7 14. Bxe5 Bxe5
15. dxe5 Nxc5 16. b4 Nd7 17. f4 Nb6 18. Na4 Nxa4 19. Rxa4 Bd7 20. Ra1 Ke7 21.
Bd3 Ke6 22. g4 a6 23. Rf1 Raf8 24. Rd1 h5 25. Bf5+ Ke7 26. Bxd7 Kxd7 27. gxh5
Rxh5 28. Rd2 Ke6 29. Rdf2 gxf4 30. exf4 Rfh8 31. Rh1 Rh3 32. Kd2 Rb3 33. Kc2
Rxb4 34. Rg1 Rh4 35. f5+ Kxe5 36. f6 Rbf4 37. Re2+ Kxf6 38. Rgg2 Re4 39. Ref2+
Ke6 40. Rg8 a5 41. Re8+ Kd6 42. Rxe4 dxe4 43. Kc3 Ke6 44. Kd4 f5 45. Rg2 Kf6
46. Ke3 Ke5 47. Rf2 Rh3+ 48. Kd2 e3+ 0-1

[Event "Accademia Cup"]
[Site "Roma ITA"]
[Date "1997.??.??"]
[Round "?"]
[White "Quaglia, Ferdinando"]
[Black "Luna, Giovanni"]
[Result "1-0"]
[WhiteElo "1541"]
[BlackElo "1564"]
[PlyCount "57"]
[EventDate "1997.??.??"]

1. d4 g6 2. c4 Bg7 3. Nc3 Nf6 4. e4 d6 5. Be2 O-O 6. Nf3 Nbd7 7. Be3 Ng4 8. Bf4
e5 9. dxe5 Ngxe5 10. Nxe5 Nxe5 11. Qd2 Be6 12. Bh6 Nxc4 13. Bxc4 Bxc4 14. Bxg7
Re8 15. Qd4 d5 16. O-O-O Qg5+ 17. Kb1 c5 18. Qf6 Qxf6 19. Bxf6 dxe4 20. Rhe1
Bd3+ 21. Kc1 Re6 22. Nd5 Rb8 23. b3 c4 24. Kb2 b5 25. f3 c3+ 26. Bxc3 f5 27.
Rxd3 exf3 28. Rxe6 fxg2 29. Rg3 1-0

[Event "Accademia Cup"]
[Site "Roma ITA"]
[Date "1997.??.??"]
[Round "?"]
[White "Quaglia, Ferdinando"]
[Black "Tamburini, Massimiliano"]
[Result "0-1"]
[WhiteElo "1541"]
[BlackElo "1600"]
[PlyCount "50"]
[EventDate "1997.??.??"]

1. d4 d5 2. c4 c6 3. Nc3 Bf5 4. e3 e6 5. cxd5 cxd5 6. Nf3 Bb4 7. Qa4+ Nc6 8.
Bb5 Bxc3+ 9. bxc3 Nge7 10. Ne5 O-O 11. Bxc6 Nxc6 12. Nxc6 bxc6 13. Ba3 Re8 14.
Bc5 Bd3 15. Qxc6 Qg5 16. Kd2 Bc4 17. Rhd1 Qxg2 18. Kc2 Qe4+ 19. Kb2 Rab8+ 20.
Ka3 Qc2 21. Rdb1 Qxc3+ 22. Ka4 Qc2+ 23. Ka3 Rec8 24. Qd7 h6 25. Rxb8 Rxb8 0-1

[Event "Accademia Cup"]
[Site "Roma ITA"]
[Date "1997.??.??"]
[Round "?"]
[White "Ridolfi, Raffaele"]
[Black "Gatta, Flavio"]
[Result "0-1"]
[WhiteElo "1660"]
[BlackElo "1528"]
[PlyCount "54"]
[EventDate "1997.??.??"]

1. d4 Nf6 2. c4 c5 3. d5 b5 4. cxb5 a6 5. e3 g6 6. bxa6 Nxa6 7. Be2 d6 8. Nc3
Bg7 9. e4 O-O 10. f3 e6 11. Bc4 Qb6 12. Nge2 Nc7 13. dxe6 Bxe6 14. Bxe6 fxe6
15. O-O d5 16. exd5 exd5 17. Rb1 d4 18. Na4 Qb5 19. b3 Rxa4 20. bxa4 Qxb1 21.
Qd2 Qb6 22. Ba3 Nd7 23. Kh1 Ra8 24. Rc1 Rxa4 25. Qd3 Ne6 26. f4 Qa6 27. Bxc5
Qxd3 0-1

[Event "Accademia Cup"]
[Site "Roma ITA"]
[Date "1997.??.??"]
[Round "?"]
[White "Ridolfi, Raffaele"]
[Black "Luzi, Alessandro"]
[Result "1/2-1/2"]
[WhiteElo "1660"]
[BlackElo "1567"]
[PlyCount "92"]
[EventDate "1997.??.??"]

1. d4 Nf6 2. c4 g6 3. Nc3 d5 4. Nf3 Bg7 5. cxd5 Nxd5 6. Qb3 Nxc3 7. bxc3 O-O 8.
Bb2 a6 9. e4 b5 10. a4 c6 11. axb5 cxb5 12. Bxb5 Bb7 13. Bd3 Qc7 14. O-O Nd7
15. Rfb1 Rfb8 16. Qc2 Nf6 17. d5 Nd7 18. c4 Bxb2 19. Rxb2 Nc5 20. Be2 Qf4 21.
Nd2 e6 22. Rab1 Bc8 23. g3 Qd6 24. f4 exd5 25. exd5 Bf5 26. Rxb8+ Rxb8 27.
Rxb8+ Qxb8 28. Qc3 Qb6 29. Kg2 a5 30. g4 Bd7 31. Bd1 a4 32. Kf3 f5 33. g5 Qa6
34. Qa3 Qa5 35. Ke2 Qb6 36. Bc2 Kf7 37. Nf3 Kg8 38. Ne5 Be8 39. Kf3 Qa5 40. Ke2
Qb6 41. Kf3 Qa5 42. Ke2 Qb6 43. Nd3 Ne4 44. c5 Qa5 45. Qb4 Qxb4 46. Nxb4 Nxc5
1/2-1/2

[Event "Accademia Cup"]
[Site "Roma ITA"]
[Date "1997.??.??"]
[Round "?"]
[White "Ridolfi, Raffaele"]
[Black "Piccioni, Marco"]
[Result "1/2-1/2"]
[WhiteElo "1660"]
[BlackElo "1537"]
[PlyCount "73"]
[EventDate "1997.??.??"]

1. d4 d5 2. c4 e6 3. Nc3 Nf6 4. cxd5 exd5 5. Bg5 Be7 6. e3 Bf5 7. Nf3 h6 8. Bh4
c6 9. Ne5 Nbd7 10. Nxd7 Qxd7 11. Be2 O-O 12. O-O Rfe8 13. a3 a5 14. Na4 Qd8 15.
Nc5 Rb8 16. Rc1 Ne4 17. Bxe7 Qxe7 18. b4 axb4 19. axb4 Nd6 20. Qb3 Bg6 21. Ra1
Nf5 22. Ra7 Nxd4 23. exd4 Qxe2 24. Nd7 Bd3 25. Qd1 Qxf1+ 26. Qxf1 Bxf1 27. Nxb8
Rxb8 28. Kxf1 Kf8 29. b5 cxb5 30. Ra5 Ke7 31. Rxb5 Kd6 32. f3 b6 33. Rb2 b5 34.
Ke2 b4 35. Kd2 Kc6 36. Rc2+ Kd6 37. Rb2 1/2-1/2

[Event "Accademia Cup"]
[Site "Roma ITA"]
[Date "1997.??.??"]
[Round "?"]
[White "Ridolfi, Raffaele"]
[Black "Verrascina, Nicola"]
[Result "1/2-1/2"]
[WhiteElo "1660"]
[BlackElo "2140"]
[PlyCount "44"]
[EventDate "1997.??.??"]

1. d4 f5 2. c4 e6 3. Nc3 Nf6 4. Nf3 d5 5. Bg5 c6 6. Bxf6 Qxf6 7. e3 Bd6 8. c5
Bc7 9. Be2 Nd7 10. Qc2 O-O 11. b4 g5 12. g3 g4 13. Nh4 e5 14. Rd1 h5 15. a4 e4
16. Ng2 Qh6 17. Nf4 h4 18. Kd2 h3 19. Rb1 Nf6 20. Rhd1 Bxf4 21. exf4 Nh5 22.
Ke3 Bd7 1/2-1/2

[Event "Accademia Cup"]
[Site "Roma ITA"]
[Date "1997.??.??"]
[Round "?"]
[White "Righetti, Gianfranco"]
[Black "Giangregorio, Pasquale"]
[Result "0-1"]
[WhiteElo "1594"]
[BlackElo "1767"]
[PlyCount "42"]
[EventDate "1997.??.??"]

1. e4 c6 2. d4 d5 3. Nc3 dxe4 4. Nxe4 Bf5 5. Ng3 Bg6 6. h4 h6 7. N1e2 e6 8. Nf4
Bh7 9. Bc4 Nf6 10. Be3 Bd6 11. Nfh5 O-O 12. Qd2 Bxg3 13. Nxg3 Nbd7 14. O-O-O
Qe7 15. Bf4 Nd5 16. Bxd5 cxd5 17. Nh5 Rfc8 18. c3 b5 19. a3 a5 20. b4 axb4 21.
axb4 Qxb4 0-1

[Event "Accademia Cup"]
[Site "Roma ITA"]
[Date "1997.??.??"]
[Round "?"]
[White "Righetti, Gianfranco"]
[Black "Marino, Giovanni"]
[Result "0-1"]
[WhiteElo "1594"]
[BlackElo "1869"]
[PlyCount "108"]
[EventDate "1997.??.??"]

1. e4 c5 2. Nf3 d6 3. d4 cxd4 4. Nxd4 Nf6 5. Nc3 a6 6. Bc4 e6 7. Bb3 Be7 8. O-O
O-O 9. f4 Nc6 10. Be3 Na5 11. Qf3 Qc7 12. f5 e5 13. Nde2 Nc4 14. Bxc4 Qxc4 15.
g4 d5 16. exd5 Qxg4+ 17. Qxg4 Nxg4 18. Bb6 Nf6 19. Rad1 Bd7 20. d6 Bd8 21. Bxd8
Raxd8 22. Nd5 Nxd5 23. Rxd5 f6 24. Ng3 Bc6 25. Rd2 Kf7 26. c4 g6 27. c5 Bd7 28.
Rdf2 Bxf5 29. Nxf5 gxf5 30. Rxf5 Ke6 31. R1f2 b6 32. cxb6 Rxd6 33. Rh5 Rf7 34.
Rh3 Rxb6 35. Rc3 e4 36. Kf1 f5 37. b3 Rd6 38. Ke2 f4 39. Rc4 Ke5 40. Rc5+ Rd5
41. Rxd5+ Kxd5 42. Rf1 Ke5 43. Rc1 Rd7 44. Rc8 f3+ 45. Ke1 Rg7 46. a3 Rg1+ 47.
Kf2 Rg2+ 48. Kf1 e3 49. Re8+ Kd4 50. Rd8+ Kc3 51. Rc8+ Kb2 52. Re8 e2+ 53. Ke1
Rg1+ 54. Kf2 Rf1+ 0-1

[Event "Accademia Cup"]
[Site "Roma ITA"]
[Date "1997.??.??"]
[Round "?"]
[White "Righetti, Gianfranco"]
[Black "Pierangeli, Andrea"]
[Result "0-1"]
[WhiteElo "1594"]
[BlackElo "1729"]
[PlyCount "36"]
[EventDate "1997.??.??"]

1. e4 e6 2. d4 d5 3. Nd2 Nf6 4. e5 Nfd7 5. Bd3 c5 6. c3 Nc6 7. Ne2 Be7 8. Nf3
f6 9. exf6 Nxf6 10. dxc5 e5 11. Bb5 Qc7 12. Ng3 O-O 13. O-O Bg4 14. Be2 Bxc5
15. Bg5 Rad8 16. h3 Bxf3 17. Bxf3 e4 18. Be2 Qxg3 0-1

[Event "Accademia Cup"]
[Site "Roma ITA"]
[Date "1997.??.??"]
[Round "?"]
[White "Righetti, Gianfranco"]
[Black "Vanzan, Alessandro"]
[Result "1-0"]
[WhiteElo "1594"]
[BlackElo "1507"]
[PlyCount "85"]
[EventDate "1997.??.??"]

1. e4 d6 2. d4 Nf6 3. Nc3 g6 4. f3 Bg7 5. Be3 O-O 6. Bc4 Nc6 7. a3 a6 8. a4 Bd7
9. Nge2 Qe8 10. Qd3 Na5 11. Ba2 Kh8 12. e5 dxe5 13. dxe5 Ng8 14. f4 Bxa4 15.
O-O Rd8 16. Qe4 Bc6 17. Qb4 b6 18. e6 f6 19. Rad1 Rxd1 20. Rxd1 Qa8 21. Nd5 Rd8
22. c4 Bb7 23. Nd4 c5 24. Qxb6 cxd4 25. Bxd4 Nc6 26. Bc5 a5 27. Qb3 f5 28. Qa3
Qb8 29. Bb3 Bc8 30. Re1 Qb7 31. Bd1 Bxb2 32. Qa4 Nd4 33. Qxa5 Nxe6 34. Rxe6
Rxd5 35. cxd5 Qxd5 36. Re1 Bd4+ 37. Bxd4+ Qxd4+ 38. Kh1 Qf2 39. Qe5+ Nf6 40.
Bf3 Kg8 41. Qxe7 Ne4 42. Rd1 Nd2 43. Bd5+ 1-0

[Event "Accademia Cup"]
[Site "Roma ITA"]
[Date "1997.??.??"]
[Round "?"]
[White "Roperto, Michele"]
[Black "Pantano, Fulvio"]
[Result "1-0"]
[WhiteElo "1594"]
[BlackElo "1636"]
[PlyCount "89"]
[EventDate "1997.??.??"]

1. d4 c5 2. Nf3 Nf6 3. e3 e6 4. Bd3 d5 5. Nc3 Nc6 6. O-O Be7 7. a3 O-O 8. dxc5
Bxc5 9. b4 Bd6 10. Bb2 a6 11. Qd2 b5 12. Rad1 Bb7 13. Ne2 Qe7 14. Nfd4 Rac8 15.
Rfe1 Ne4 16. Bxe4 dxe4 17. Nxc6 Rxc6 18. Nd4 Rb6 19. Qc3 f6 20. Qd2 Rd8 21. g3
Bc7 22. Qc1 Bd5 23. Rd2 Rbd6 24. Red1 Qd7 25. Ne2 e5 26. Nc3 Bc6 27. Rxd6 Bxd6
28. Rd2 Qe7 29. Qd1 Bc7 30. Rxd8+ Qxd8 31. Qg4 Qd7 32. Qe2 Qf5 33. a4 Qf3 34.
Qf1 Bd6 35. axb5 axb5 36. Nxb5 Bxb4 37. Qc4+ Kh8 38. Nc3 Bxc3 39. Bxc3 Qd1+ 40.
Kg2 Qf3+ 41. Kf1 Qh1+ 42. Ke2 Qf3+ 43. Ke1 Qh1+ 44. Kd2 Bd7 45. Qf7 1-0

[Event "Accademia Cup"]
[Site "Roma ITA"]
[Date "1997.??.??"]
[Round "?"]
[White "Roperto, Michele"]
[Black "Rossi De Gasperis, Pietro"]
[Result "0-1"]
[WhiteElo "1594"]
[BlackElo "1833"]
[PlyCount "110"]
[EventDate "1997.??.??"]

1. d4 Nf6 2. c4 e6 3. Nc3 Bb4 4. Nf3 b6 5. e3 Ba6 6. a3 Bxc3+ 7. bxc3 O-O 8.
Bd3 d5 9. cxd5 Bxd3 10. Qxd3 exd5 11. O-O c5 12. c4 dxc4 13. Qxc4 cxd4 14. Rd1
Nbd7 15. Rxd4 Rc8 16. Qd3 Qc7 17. Bb2 Nc5 18. Qe2 Qe7 19. Rad1 Ne6 20. Rc4 Rxc4
21. Qxc4 Nc5 22. Nd4 Rd8 23. Bc3 Nfe4 24. Be1 Qe8 25. Rc1 Rc8 26. Nf5 Qd7 27.
f3 Qxf5 28. fxe4 Qg5 29. Bf2 Rd8 30. h3 Qe5 31. g4 h6 32. Kg2 Nxe4 33. Qc7 Qxc7
34. Rxc7 Rd2 35. Kf3 Nxf2 36. h4 Nd3 37. e4 Ne5+ 38. Kf4 Ng6+ 39. Kg3 Rd3+ 40.
Kf2 Rxa3 41. h5 Ne5 42. g5 hxg5 43. Re7 f6 44. Kg2 Kh7 45. Re8 b5 46. Rb8 a6
47. Kh2 Ra4 48. Ra8 b4 49. Rb8 a5 50. Kg2 Ra3 51. Kf2 b3 52. Ke2 Ra2+ 53. Kd1
a4 54. Kc1 Nd3+ 55. Kb1 Rc2 0-1

[Event "Accademia Cup"]
[Site "Roma ITA"]
[Date "1997.??.??"]
[Round "?"]
[White "Roperto, Michele"]
[Black "Sebasti, Alessandro"]
[Result "0-1"]
[WhiteElo "1594"]
[BlackElo "1564"]
[PlyCount "115"]
[EventDate "1997.??.??"]

1. d4 g6 2. e4 Bg7 3. Nc3 d6 4. Be3 e6 5. Qd2 Ne7 6. O-O-O d5 7. Bd3 Nd7 8. Nf3
h6 9. e5 c5 10. Nb5 Nf5 11. Bxf5 gxf5 12. Nd6+ Kf8 13. Bf4 a6 14. h4 Nb6 15.
dxc5 Nd7 16. Qb4 a5 17. Qa3 Kg8 18. h5 Ra6 19. Nxf5 exf5 20. Rxd5 Qe7 21. Rhd1
Bf8 22. Nd4 Qh4 23. Qf3 Qg4 24. Qxg4+ fxg4 25. Nb3 a4 26. Nd4 Nxc5 27. Rd8 Be6
28. Nb5 Bxa2 29. Rb8 Rc6 30. Nc3 Be6 31. Rdd8 Kg7 32. Ne2 a3 33. bxa3 Na4 34.
Rxf8 Rxf8 35. Bxh6+ Kxh6 36. Rxf8 Rc5 37. Nf4 Rxe5 38. Nxe6 Rxe6 39. Rxf7 b6
40. Rf5 Nc5 41. f3 g3 42. Kd1 Nd7 43. Kd2 Nf6 44. a4 Nxh5 45. a5 bxa5 46. Rxa5
Nf4 47. Ra4 Kg5 48. Ra5+ Kh4 49. Ra7 Nxg2 50. Rh7+ Kg5 51. Rg7+ Rg6 52. Re7 Nf4
53. c4 Kh4 54. Re1 g2 55. Rg1 Nh3 56. Rxg2 Rxg2+ 57. Ke3 Nf4 58. c5 0-1

[Event "Accademia Cup"]
[Site "Roma ITA"]
[Date "1997.??.??"]
[Round "?"]
[White "Rossi De Gasperis, Pietro"]
[Black "Colantonio, Marco"]
[Result "0-1"]
[WhiteElo "1833"]
[BlackElo "1573"]
[PlyCount "36"]
[EventDate "1997.??.??"]

1. e4 e5 2. Nf3 f5 3. Nc3 fxe4 4. Nxe5 Nf6 5. Ng4 Bc5 6. Nxf6+ Qxf6 7. Qh5+ g6
8. Qxc5 d6 9. Qxc7 O-O 10. Bc4+ Kh8 11. O-O Bf5 12. Qxb7 Nd7 13. Nxe4 Bxe4 14.
Qxe4 Nc5 15. Qd5 Rae8 16. d3 Re5 17. Qc6 Qxf2+ 18. Rxf2 Re1+ 0-1

[Event "Accademia Cup"]
[Site "Roma ITA"]
[Date "1997.??.??"]
[Round "?"]
[White "Rossi De Gasperis, Pietro"]
[Black "De Carolis, Massimo"]
[Result "1-0"]
[WhiteElo "1833"]
[BlackElo "1666"]
[PlyCount "83"]
[EventDate "1997.??.??"]

1. e4 g6 2. d4 Bg7 3. Nc3 d6 4. Be3 Nf6 5. f3 c6 6. Qd2 h6 7. O-O-O b5 8. Kb1
Qc7 9. g4 Nbd7 10. h4 Bb7 11. Nh3 O-O-O 12. Be2 a6 13. a3 c5 14. Nf2 Kb8 15.
Nd3 cxd4 16. Bxd4 Nxe4 17. Bxg7 Nxd2+ 18. Rxd2 Rh7 19. Bd4 Ne5 20. Nb4 e6 21.
Rhd1 Nxf3 22. Bxf3 Bxf3 23. Nxa6+ Kc8 24. Nxc7 Bxd1 25. Bf6 Rd7 26. N7xb5 Bxg4
27. Rd4 Bf5 28. Ra4 Kb8 29. Nxd6 Rxd6 30. Be5 Kc7 31. Nb5+ Kc6 32. Nxd6 f6 33.
Nxf5 fxe5 34. Ne3 Kc5 35. Re4 Kd6 36. c4 Rf7 37. Kc2 Rf2+ 38. Kc3 Rf3 39. b4 g5
40. c5+ Kd7 41. Kc4 Rf4 42. Kd3 1-0

[Event "Accademia Cup"]
[Site "Roma ITA"]
[Date "1997.??.??"]
[Round "?"]
[White "Rossi De Gasperis, Pietro"]
[Black "Guglielmi, Dante"]
[Result "1-0"]
[WhiteElo "1833"]
[BlackElo "1651"]
[PlyCount "41"]
[EventDate "1997.??.??"]

1. e4 c5 2. c3 d5 3. exd5 Qxd5 4. d4 e6 5. Nf3 Nf6 6. Be2 Be7 7. O-O O-O 8. Ne5
cxd4 9. cxd4 Rd8 10. Be3 Qa5 11. Nd2 Nbd7 12. Ndc4 Qc7 13. Rc1 Nxe5 14. Nxe5
Qd6 15. Qc2 Nd5 16. Bf3 Bd7 17. Qb3 Rab8 18. Bxd5 Qxd5 19. Qxd5 exd5 20. Rc7
Bd6 21. Rxd7 1-0

[Event "Accademia Cup"]
[Site "Roma ITA"]
[Date "1997.??.??"]
[Round "?"]
[White "Rossi De Gasperis, Pietro"]
[Black "Pierangeli, Andrea"]
[Result "0-1"]
[WhiteElo "1833"]
[BlackElo "1729"]
[PlyCount "48"]
[EventDate "1997.??.??"]

1. e4 e6 2. d4 d5 3. e5 c5 4. c3 Nc6 5. Nf3 Qb6 6. a3 f6 7. exf6 Nxf6 8. Bd3
cxd4 9. cxd4 Bd6 10. O-O O-O 11. Nc3 a6 12. Re1 Bd7 13. b4 Rae8 14. Bb2 Qc7 15.
Rc1 Ng4 16. Bxh7+ Kh8 17. Bg6 Bxh2+ 18. Kf1 Nxf2 19. Qe2 Ng4 20. Bh5 Nxd4 21.
Nxd5 Nxe2 22. Rxe2 Qg3 23. Bxg4 exd5 24. Rxe8 Bxe8 0-1

[Event "Accademia Cup"]
[Site "Roma ITA"]
[Date "1997.??.??"]
[Round "?"]
[White "Rovatti, Paolo"]
[Black "Casella, Carlo"]
[Result "1-0"]
[WhiteElo "1603"]
[BlackElo "1516"]
[PlyCount "61"]
[EventDate "1997.??.??"]

1. c4 e5 2. Nc3 Nf6 3. Nf3 Nc6 4. g3 d6 5. Bg2 Be6 6. d3 Qd7 7. Ng5 Bg4 8. h3
Bf5 9. Nd5 h6 10. Ne4 Nxe4 11. dxe4 Bh7 12. Bxh6 Bxe4 13. Bxg7 Bxg7 14. Bxe4
O-O-O 15. Qd3 Kb8 16. Bf5 Qe8 17. e3 Ne7 18. Bg4 Ng8 19. Rc1 Nh6 20. Be2 e4 21.
Qa3 c6 22. Nb4 f5 23. c5 d5 24. Qb3 Kc8 25. Qa4 Kb8 26. Qb3 Kc8 27. a4 Kd7 28.
Nxd5 Rb8 29. Nf4 Kc8 30. Rd1 Bf8 31. Bh5 1-0

[Event "Accademia Cup"]
[Site "Roma ITA"]
[Date "1997.??.??"]
[Round "?"]
[White "Rovatti, Paolo"]
[Black "Gaspero, Mario"]
[Result "0-1"]
[WhiteElo "1603"]
[BlackElo "1806"]
[PlyCount "54"]
[EventDate "1997.??.??"]

1. c4 e6 2. Nc3 Nf6 3. g3 d5 4. d4 Be7 5. cxd5 Nxd5 6. Bg2 Nxc3 7. bxc3 O-O 8.
Nf3 c5 9. O-O Nc6 10. Ba3 Qa5 11. Qb3 c4 12. Qc2 Bxa3 13. h4 Rb8 14. Ng5 g6 15.
f4 Be7 16. Kf2 Bd7 17. h5 Bxg5 18. fxg5 Qxg5 19. Bf3 Ne7 20. e4 Bc6 21. Rh1 f5
22. hxg6 fxe4 23. Rh3 Rxf3+ 24. Kg2 Rbf8 25. Qd1 Qe3 26. a4 Qf2+ 27. Kh1 Rd3
0-1

[Event "Accademia Cup"]
[Site "Roma ITA"]
[Date "1997.??.??"]
[Round "?"]
[White "Rovatti, Paolo"]
[Black "Sebasti, Alessandro"]
[Result "1-0"]
[WhiteElo "1603"]
[BlackElo "1564"]
[PlyCount "123"]
[EventDate "1997.??.??"]

1. c4 g6 2. Nc3 Bg7 3. g3 Nf6 4. Bg2 c6 5. e4 d6 6. Nge2 Nbd7 7. O-O O-O 8. b4
a6 9. Rb1 Rb8 10. b5 cxb5 11. cxb5 a5 12. a4 Ne5 13. d4 Ned7 14. Be3 Nb6 15.
Qe1 Bd7 16. Na2 Nxa4 17. Bd2 Qe8 18. b6 Bb5 19. Bxa5 Bd3 20. Rb4 Ra8 21. e5
dxe5 22. dxe5 Rxa5 23. exf6 exf6 24. Nac1 Ba6 25. Re4 Qc6 26. Qxa5 Nxb6 27. Rb4
Nc4 28. Bxc6 Nxa5 29. Bb5 Nc6 30. Rb1 Re8 31. Bxa6 bxa6 32. Rb6 Nb8 33. Nd4 f5
34. Nc6 Nxc6 35. Rxc6 Ra8 36. Nb3 a5 37. Rfc1 Bf8 38. Ra1 Bb4 39. Rb6 Bc3 40.
Ra2 Kg7 41. Rb5 a4 42. Rc5 axb3 43. Rxa8 b2 44. Rb8 Bd4 45. Rcb5 f4 46. Rxb2
fxg3 47. hxg3 Bxb2 48. Rxb2 h5 49. f4 Kf6 50. Rb5 Ke6 51. Rg5 Kf6 52. Kf2 Kg7
53. Ke3 f6 54. Ra5 Kh6 55. Ra6 f5 56. Kd4 h4 57. gxh4 Kh5 58. Ke5 Kh6 59. Kf6
Kh5 60. Ra8 Kxh4 61. Kxg6 Kg3 62. Ra4 1-0

[Event "Accademia Cup"]
[Site "Roma ITA"]
[Date "1997.??.??"]
[Round "?"]
[White "Russi, Roberto"]
[Black "Iatrino, Vincenzo"]
[Result "1-0"]
[WhiteElo "1651"]
[BlackElo "1971"]
[PlyCount "79"]
[EventDate "1997.??.??"]

1. c4 e5 2. Nc3 f5 3. d4 e4 4. Nh3 Nf6 5. e3 Be7 6. Be2 O-O 7. O-O d6 8. f3
exf3 9. Bxf3 Nc6 10. Bd2 Bd7 11. a3 Qe8 12. b4 h6 13. Nd5 Nxd5 14. Bxd5+ Kh8
15. Nf4 Nd8 16. Bf3 g6 17. d5 Bf6 18. Ra2 Ba4 19. Qb1 Bd7 20. e4 Be5 21. Kh1
Bxf4 22. Bxf4 g5 23. Bd2 fxe4 24. Bc3+ Kg8 25. Re2 Qf7 26. Qxe4 c5 27. bxc5
dxc5 28. Qe5 Qh7 29. Ref2 Nf7 30. Qe7 Bf5 31. Bh5 Bg6 32. Bg4 Bd3 33. Qxc5 h5
34. Bf5 Bxf5 35. Rxf5 Rae8 36. d6 Qg6 37. Qd5 Rd8 38. d7 b6 39. Bb4 Rxd7 40.
Qxd7 1-0

[Event "Accademia Cup"]
[Site "Roma ITA"]
[Date "1997.??.??"]
[Round "?"]
[White "Russi, Roberto"]
[Black "Sabatini, Mario"]
[Result "1/2-1/2"]
[WhiteElo "1651"]
[BlackElo "2075"]
[PlyCount "160"]
[EventDate "1997.??.??"]

1. c4 c5 2. Nf3 Nc6 3. d4 cxd4 4. Nxd4 Nf6 5. Nc3 g6 6. e4 Bg7 7. Be3 Ng4 8.
Qxg4 Nxd4 9. Qd1 Nc6 10. Qd2 O-O 11. Be2 d6 12. O-O Be6 13. Nd5 Qd7 14. Rad1
Rfc8 15. b3 Rd8 16. h4 Bxd5 17. cxd5 Ne5 18. h5 Ng4 19. hxg6 hxg6 20. Bd4 Bxd4
21. Bxg4 Qxg4 22. Qxd4 Rdc8 23. Rd3 Qf4 24. g3 Qf6 25. Qxf6 exf6 26. Re1 Rc2
27. a4 Rac8 28. Ree3 a5 29. Kg2 Kg7 30. g4 g5 31. Rh3 b6 32. Rhe3 R8c5 33. Rh3
Rc1 34. Rde3 Rb1 35. Rc3 Re1 36. Rxc5 bxc5 37. Re3 Rc1 38. f3 Rc2+ 39. Kf1 Kf8
40. Ke1 Ke7 41. Kd1 Rb2 42. Kc1 Rf2 43. Kd1 Kd7 44. Kc1 Kc7 45. Kd1 Kb6 46. Rc3
Rh2 47. Kc1 Kc7 48. Kd1 Kd7 49. Kc1 Ke7 50. Re3 Kf8 51. Kd1 Kg7 52. Kc1 Ra2 53.
Kb1 Rg2 54. Kc1 Kf8 55. Kd1 Ke7 56. Kc1 Rh2 57. Kd1 Kd7 58. Kc1 Kc7 59. Rc3 Kb6
60. Kd1 Rg2 61. Kc1 Re2 62. Kd1 Ra2 63. Kc1 Kc7 64. Kb1 Re2 65. Kc1 Kd7 66. Kd1
Rf2 67. Re3 Kc7 68. Rc3 Kb6 69. Kc1 f5 70. exf5 Re2 71. Kd1 Re5 72. Rd3 c4 73.
bxc4 Kc5 74. Rc3 Kb4 75. Kd2 Kxa4 76. Rc1 Kb4 77. Kd3 a4 78. Rb1+ Ka5 79. Rb5+
Ka6 80. Rb4 80... Ka5 {...} 1/2-1/2

[Event "Accademia Cup"]
[Site "Roma ITA"]
[Date "1997.??.??"]
[Round "?"]
[White "Russi, Roberto"]
[Black "Vanzan, Alessandro"]
[Result "1/2-1/2"]
[WhiteElo "1651"]
[BlackElo "1507"]
[PlyCount "119"]
[EventDate "1997.??.??"]

1. c4 e5 2. Nc3 Nf6 3. g3 c6 4. e4 Be7 5. Bg2 O-O 6. Nge2 a6 7. a4 d6 8. O-O
Be6 9. d3 Qc8 10. a5 b5 11. axb6 Nbd7 12. Na4 c5 13. f4 Bg4 14. f5 Rb8 15. h3
Bxe2 16. Qxe2 Nxb6 17. Nc3 Kh8 18. g4 g6 19. g5 Nh5 20. Kh2 Nf4 21. Bxf4 exf4
22. f6 Bd8 23. h4 Bc7 24. Nd5 Nxd5 25. cxd5 Rb3 26. Ra2 Qb7 27. Rxf4 Rb8 28.
Rf2 Bb6 29. Rf1 a5 30. Qc2 Bc7 31. Rb1 Qb5 32. Bf1 a4 33. Rba1 Rxb2 34. Rxb2
Qxb2 35. Qxb2 Rxb2+ 36. Kg3 Rb4 37. Kf3 Kg8 38. Bh3 c4 39. dxc4 Rxc4 40. Kf4 h5
41. Bd7 Bb6 42. Bxa4 Bd4 43. Bb5 Be5+ 44. Ke3 Rc8 45. Rb1 Bg3 46. Rh1 Rc3+ 47.
Bd3 Ra3 48. Kd2 Ra2+ 49. Ke3 Ra3 50. Rh3 Be5 51. Rf3 Kf8 52. Ke2 Ra5 53. Kf2
Ke8 54. Kg2 Kd8 55. Rf2 Kc7 56. Rc2+ Kb7 57. Be2 Ra4 58. Bf3 Rb4 59. Kh3 Rb3
60. Kg2 1/2-1/2

[Event "Accademia Cup"]
[Site "Roma ITA"]
[Date "1997.??.??"]
[Round "?"]
[White "Russi, Roberto"]
[Black "Wyss, Walter"]
[Result "0-1"]
[WhiteElo "1651"]
[BlackElo "2210"]
[PlyCount "62"]
[EventDate "1997.??.??"]

1. c4 b5 2. cxb5 Bb7 3. Nf3 f5 4. d4 e6 5. Bg5 Be7 6. Bxe7 Qxe7 7. e3 Nf6 8.
Nc3 O-O 9. Bd3 d6 10. Qc2 Nbd7 11. O-O Kh8 12. e4 fxe4 13. Nxe4 Nd5 14. a3 Rxf3
15. gxf3 Qh4 16. Rfe1 Rf8 17. Ng3 Nf4 18. Re4 Nf6 19. Bf1 Nxe4 20. fxe4 Rf7 21.
a4 h5 22. Kh1 Nh3 23. Bxh3 Qxh3 24. Qe2 Kg8 25. Ra3 h4 26. d5 hxg3 27. Rxg3 Qh4
28. Kg1 exd5 29. exd5 Bxd5 30. Qe8+ Rf8 31. Qd7 Qf6 0-1

[Event "Accademia Cup"]
[Site "Roma ITA"]
[Date "1997.??.??"]
[Round "?"]
[White "Russo, Massimiliano"]
[Black "Andreozzi, Franco"]
[Result "1/2-1/2"]
[WhiteElo "1576"]
[BlackElo "1555"]
[PlyCount "69"]
[EventDate "1997.??.??"]

1. e4 e5 2. Nf3 Nf6 3. Nxe5 d6 4. Nf3 Nxe4 5. d4 Be7 6. Bd3 Bf5 7. Bxe4 Bxe4 8.
Nc3 Bf5 9. O-O O-O 10. Nd5 Re8 11. Nxe7+ Rxe7 12. c3 Nd7 13. Bg5 f6 14. Be3 b6
15. Qd2 Qe8 16. Rfe1 Qh5 17. Bf4 Be4 18. Bg3 Rae8 19. Re3 Bxf3 20. Rxe7 Rxe7
21. gxf3 Qxf3 22. Re1 Kf7 23. Rxe7+ Kxe7 24. Qe1+ Kf7 25. Qf1 g5 26. Qc4+ Kg6
27. Qg8+ Kh6 28. Qc8 Qg4 29. Qxc7 Nf8 30. Qxd6 Ne6 31. d5 Nf4 32. Qxf6+ Kh5 33.
Qf7+ Kh6 34. Qf8+ Kh5 35. Qf7+ 1/2-1/2

[Event "Accademia Cup"]
[Site "Roma ITA"]
[Date "1997.??.??"]
[Round "?"]
[White "Russo, Massimiliano"]
[Black "Franchi, Jose' Maria"]
[Result "0-1"]
[WhiteElo "1576"]
[BlackElo "1846"]
[PlyCount "74"]
[EventDate "1997.??.??"]

1. e4 c5 2. Nf3 Nc6 3. b3 d6 4. Bb2 e5 5. h3 g6 6. a3 Bg7 7. d3 Nge7 8. Nbd2
O-O 9. Be2 f5 10. O-O f4 11. c3 h6 12. d4 Qc7 13. d5 Nb8 14. c4 g5 15. Nh2 Nd7
16. Bg4 Nf6 17. Bxc8 Qxc8 18. g4 fxg3 19. fxg3 Qxh3 20. Rf3 g4 21. Rd3 Qh5 22.
Qe2 Qg6 23. b4 b6 24. bxc5 bxc5 25. Rb1 Rab8 26. Kg2 h5 27. Bxe5 dxe5 28. Rdb3
Nd7 29. Rb7 Rxb7 30. Rxb7 Rd8 31. Qd3 Qa6 32. d6 Qxb7 33. dxe7 Re8 34. Qd6 Nf6
35. Qe6+ Kh8 36. Qxe5 Qxe7 37. Qf5 Qe5 0-1